Normal view
MARC view
Entry Topical Term
001 - CONTROL NUMBER
- control field: 50144
003 - CONTROL NUMBER IDENTIFIER
- control field: ARRUPE
005 - DATE AND TIME OF LATEST TRANSACTION
- control field: 20201030121608.0
008 - FIXED-LENGTH DATA ELEMENTS
- fixed length control field: 201030|| aca||aabn | a|a d
040 ## - CATALOGING SOURCE
- Original cataloging agency: ARRUPE
- Transcribing agency: ARRUPE
150 ## - HEADING--TOPICAL TERM
- Topical term or geographic name as entry element: Education
- Chronological subdivision: Zimbabwe
670 ## - SOURCE DATA FOUND
- Source citation: Work cat.: (ARRUPE): Kuzvinetsa, Melody 50143, Education towards women's transformative leadership in Zimbabwe:, 2019